zpět

Detail výsledku týmu

Dělnický dům, Jihlava

Datum a čas kvízu

24 Celkem bodů Celkový počet nahraných bodů na tomto kvízu bez doplňovacích otázek.
5. Pořadí na kvízu Konečné umístění týmu na tomto kvízu.

Zaznamenané odpovědi

# Otázka Odpověď Body Výsledky
1. Sněmovna schválila minulý týde... tři přihlášky 1
2. Poměrně neobvyklé záběry se do... ve Španělsku 0
3. Doplňte slovo do názvu časosbě... Havel 0
4. Která dvě křestní jména (jedno... Eliška, Jakub 1
5. Které dvě země se utkaly v sob... Jihoafrická republika, Nový Zéland 1
6. Naše téma nezačneme v kurníku,... Fabergého vejce 1
7. Barvíte velikonoční vajíčka? T... 1A 2D 3B 4C 0
8. Která z vajec na obrázku snesl... B 0
9. Napište název americké romanti... 50x a stále poprvé 1
10. Vyberte nepravdivé tvrzení. D 0